Risikofaktoren der Onlinekriminalität
| Main Author: | |
|---|---|
| Format: | Print Article |
| Language: | German |
| Published: |
2016
|
| In: |
Krise - Kriminalität - Kriminologie
Year: 2016, Pages: [231]-244 |
| Online Access: |
Volltext (kostenfrei) Volltext (kostenfrei) Volltext (kostenfrei) |
| Rights Information: | InC 1.0 |
| Check availability: | HBZ Gateway |
| Keywords: |
MARC
| LEADER | 00000caa a2200000 c 4500 | ||
|---|---|---|---|
| 001 | 1558253408 | ||
| 003 | DE-627 | ||
| 005 | 20230606094508.0 | ||
| 007 | tu | ||
| 008 | 170505s2016 xx ||||| 00| ||ger c | ||
| 020 | |a 9783942865654 | ||
| 035 | |a (DE-627)1558253408 | ||
| 035 | |a (DE-576)488253403 | ||
| 035 | |a (DE-599)BSZ488253403 | ||
| 040 | |a DE-627 |b ger |c DE-627 |e rda | ||
| 041 | |a ger | ||
| 084 | |a 2,1 |2 ssgn | ||
| 100 | 1 | |a Meier, Bernd-Dieter |d 1955- |e VerfasserIn |0 (DE-588)123012783 |0 (DE-627)082294089 |0 (DE-576)16218638X |4 aut | |
| 109 | |a Meier, Bernd-Dieter 1955- |a Meier, B. D. 1955- | ||
| 245 | 1 | 0 | |a Risikofaktoren der Onlinekriminalität |c Bernd-Dieter Meier |
| 264 | 1 | |c 2016 | |
| 336 | |a Text |b txt |2 rdacontent | ||
| 337 | |a ohne Hilfsmittel zu benutzen |b n |2 rdamedia | ||
| 338 | |a Band |b nc |2 rdacarrier | ||
| 500 | |a Literaturverzeichnis: Seite 244 | ||
| 540 | |q DE-2619 |a Urheberrechtsschutz 1.0 |2 rs |u http://rightsstatements.org/vocab/InC/1.0/ | ||
| 655 | 7 | |a Umfrage |0 (DE-588)4005227-8 |0 (DE-627)104768029 |0 (DE-576)208859845 |2 gnd-content | |
| 689 | 0 | 0 | |d g |0 (DE-588)4011882-4 |0 (DE-627)104704861 |0 (DE-576)208896155 |a Deutschland |2 gnd |
| 689 | 0 | 1 | |d s |0 (DE-588)4202369-5 |0 (DE-627)105159093 |0 (DE-576)210148179 |a Downloading |2 gnd |
| 689 | 0 | 2 | |d s |0 (DE-588)1049453719 |0 (DE-627)782271251 |0 (DE-576)403413567 |a Urheberrechtsverletzung |2 gnd |
| 689 | 0 | 3 | |d s |0 (DE-588)4057799-5 |0 (DE-627)10614944X |0 (DE-576)209123745 |a Straftat |2 gnd |
| 689 | 0 | 4 | |d s |0 (DE-588)4165737-8 |0 (DE-627)105437956 |0 (DE-576)209897422 |a Kriminalitätstheorie |2 gnd |
| 689 | 0 | |5 (DE-627) | |
| 773 | 0 | 8 | |i Enthalten in |a Kriminologische Gesellschaft (14. : 2015 : Köln) |t Krise - Kriminalität - Kriminologie |d Mönchengladbach : Forum Verlag Godesberg GmbH, 2016 |g (2016), Seite [231]-244 |h XI, 626 Seiten |w (DE-627)861438116 |w (DE-576)473071088 |z 9783942865654 |z 3942865653 |7 nnam |
| 773 | 1 | 8 | |g year:2016 |g pages:[231]-244 |
| 776 | 1 | |o 10.15496/publikation-82876 | |
| 856 | 4 | 1 | |u http://hdl.handle.net/10900/141529 |x Resolving-System |z kostenfrei |3 Volltext |7 0 |
| 856 | 4 | 1 | |u http://nbn-resolving.de/urn:nbn:de:bsz:21-dspace-1415295 |x Resolving-System |z kostenfrei |3 Volltext |7 0 |
| 856 | 4 | 1 | |u https://doi.org/10.15496/publikation-82876 |x Resolving-System |z kostenfrei |3 Volltext |7 0 |
| 951 | |a AR | ||
| ELC | |b 1 | ||
| LOK | |0 000 xxxxxcx a22 zn 4500 | ||
| LOK | |0 001 4294125918 | ||
| LOK | |0 003 DE-627 | ||
| LOK | |0 004 1558253408 | ||
| LOK | |0 005 20230321114249 | ||
| LOK | |0 008 230321||||||||||||||||ger||||||| | ||
| LOK | |0 040 |a DE-2619 |c DE-627 |d DE-2619 | ||
| LOK | |0 092 |o n | ||
| LOK | |0 852 |a DE-2619 | ||
| LOK | |0 852 1 |9 00 | ||
| LOK | |0 866 |x #028 | ||
| LOK | |0 935 |a krzw | ||
| LOK | |0 939 |a 21-03-23 |b l01 | ||
| OAS | |a 1 | ||
| ORI | |a SA-MARC-krimdoka001.raw | ||
| TIM | |a 100019901003_100020261231 |b 1990-10-03 - 2026 | ||
